Osobní management
Salvato in:
| Autore principale: | |
|---|---|
| Altri autori: | |
| Natura: | Libro |
| Lingua: | ceco |
| Pubblicazione: |
Brno
Masarykova univerzita
2007
|
| Edizione: | 2. prepr. vyd. |
| Serie: | Edice učebnic
č. 394 |
| Soggetti: | |
| Tags: |
Nessun Tag, puoi essere il primo ad aggiungerne!!
|
MARC
| LEADER | 00000nam a2200000 4500 | ||
|---|---|---|---|
| 001 | 0122031 | ||
| 005 | 20240226134242.5 | ||
| 020 | |a 978-80-210-4265-0 | ||
| 041 | 0 | |a cze | |
| 044 | |a CZ | ||
| 245 | 1 | 0 | |a Osobní management |c Ivan Vágner, Miroslav Weber |
| 250 | |a 2. prepr. vyd. | ||
| 264 | 1 | |a Brno |b Masarykova univerzita |c 2007 | |
| 300 | |a 142 s. | ||
| 490 | 1 | |a Edice učebnic |v č. 394 | |
| 830 | 0 | |a Edice učebnic |v č. 394 | |
| 610 | 2 | 0 | |a sebariadenie |
| 610 | 2 | 0 | |a manažment personálny |
| 610 | 2 | 0 | |a manažéri |
| 610 | 2 | 0 | |a vodcovstvo |
| 610 | 2 | 0 | |a lídri |
| 610 | 2 | 0 | |a osobnosť |
| 610 | 2 | 0 | |a sebapoznanie |
| 610 | 2 | 0 | |a sebavýchova |
| 100 | 1 | |a Vágner, Ivan | |
| 700 | 1 | |a Weber, Miroslav | |